000 00505nam a22001817a 4500
999 _c190505
_d190505
005 20220727104208.0
010 _aENG-133997
020 _c130.00
035 _aEN-117529
037 _bDBAD/PUB
082 _a880.8
100 _aA. Devaraj
245 _aCreative Writing/
_cK.R. Velchala
260 _aChennai
_bEmerald Publishers
_c2011
270 _a15A, First Floor, Casa Major Road, Egmore
_bChennai
_e600008
300 _a99p.
_c19cm(pb)
_bindex
942 _2ddc
_cEN
_h880.8
_mDEV